Catalog

Record Details

Catalog Search



Available copies

  • 1 of 1 copy available at LARL/NWRL Consortium.
  • 1 of 1 copy available at Northwest Regional Library. (Show preferred library)

Current holds

0 current holds with 1 total copy.

Show Only Available Copies
Location Call Number / Copy Notes Barcode Shelving Location Status Due Date
Roseau Public Library CAN (Text) 35500004747877 Main Available -

Record details

  • ISBN: 9780312557300
  • ISBN: 0312557302
  • Physical Description: 306 p. ; 25 cm.
  • Edition: 1st ed.
  • Publisher: New York : St. Martin's Press, 2010.
Subject: Adult Mystery
Scully, Shane (Fictitious character) > Fiction.
Police > California > Fiction.
Genre: Mystery fiction.
Suspense fiction.
LDR 01677cam a2200433 a 4500
001120032
003LARL_NWRL_CONSORTIUM
00520101019123412.0
008100719s2010 nyu 000 1 eng
015 . ‡aGBB080796 ‡2bnb
0167 . ‡a015594439 ‡2Uk
020 . ‡a9780312557300
020 . ‡a0312557302
035 . ‡a(OCoLC)606786161
043 . ‡an-us-ca
08200. ‡a813/.54 ‡222
1001 . ‡aCannell, Stephen J. ‡0(LARL_NWRL_CONSORTIUM)98075
24514. ‡aThe prostitutes' ball ‡n#10 ‡cStephen J. Cannell.
250 . ‡a1st ed.
260 . ‡aNew York : ‡bSt. Martin's Press, ‡c2010.
300 . ‡a306 p. ; ‡c25 cm.
4900 . ‡aShane Scully ; ‡v10
650 . ‡aAdult Mystery
650 0. ‡aScully, Shane (Fictitious character) ‡vFiction. ‡0(LARL_NWRL_CONSORTIUM)174854
650 0. ‡aPolice ‡zCalifornia ‡vFiction. ‡0(LARL_NWRL_CONSORTIUM)174172
655 7. ‡aMystery fiction. ‡2gsafd
655 0. ‡aSuspense fiction.
901 . ‡a120032 ‡bOCLC ‡c120032 ‡tbiblio

Additional Resources